000 00245nam a2200109Ia 4500
008 191206s9999 xx 000 0 und d
020 _a71200690
090 _aDT647T8
245 4 _aTHE LONELY AFRICAN
260 _aSIMON SCHUSTER
260 _cc1962
999 _c17079
_d17079